[Event "FIN-chT 0809"]
[Site "Finland"]
[Date "2009.11.08"]
[Round "5.6"]
[White "Niemi, Mikko"]
[Black "Penttinen, Jarkko"]
[Result "1-0"]
[WhiteElo "2214"]
[BlackElo "2322"]
[PlyCount "77"]
[EventDate "2008.09.06"]
[EventType "team-tourn"]
[EventRounds "9"]
[EventCountry "FIN"]
[SourceTitle "EXT 2010"]
[Source "ChessBase"]
[SourceDate "2010.11.25"]
[SourceVersion "1"]
[SourceVersionDate "2010.11.25"]
[SourceQuality "1"]
[WhiteTeam "Vammala SK"]
[BlackTeam "Tampere Tammer"]
[WhiteTeamCountry "FIN"]
[BlackTeamCountry "FIN"]

1. c4 e5 2. g3 g6 3. Bg2 Bg7 4. Nc3 d6 5. d3 f5 6. Nf3 Nf6 7. 0-0 Nc6 8. Rb1 a5 9. a3 0-0 10. b4 axb4 11. axb4 h6 12. e3 g5 13. d4 e4 14. Nd2 g4 15. Ne2 Nh7 16. Nf4 Ng5 17. b5 Ne7 18. Qb3 Kh7 19. Bb2 Ng6 20. Ra1 Rb8 21. Rfc1 Re8 22. Qb4 Nf3+ 23. Bxf3 gxf3 24. d5 Qg5 25. Bxg7 Nxf4 26. exf4 Qg4 27. Nf1 Qxg7 28. c5 dxc5 29. Qxc5 Bd7 30. Ne3 Rec8 31. h3 Qf6 32. Nc4 b6 33. Qb4 Rg8 34. Ne5 Qh4 35. Kh2 Qd8 36. Ra7 Rc8 37. d6 Rg7 38. Rcxc7 Rxc7 39. Rxc7 1-0

[Event "FIN-chT 0910"]
[Site "Finland"]
[Date "2009.10.17"]
[Round "3.5"]
[White "Penttinen, Jarkko"]
[Black "Salo, Tapio"]
[Result "1/2-1/2"]
[WhiteElo "2291"]
[BlackElo "2302"]
[PlyCount "38"]
[EventDate "2009.09.19"]
[EventType "team-tourn"]
[EventRounds "9"]
[EventCountry "FIN"]
[SourceTitle "EXT 2022"]
[Source "ChessBase"]
[SourceDate "2021.10.06"]
[SourceVersion "1"]
[SourceVersionDate "2021.10.06"]
[SourceQuality "1"]
[WhiteTeam "Tampere Tammer"]
[BlackTeam "Salo SK"]
[WhiteTeamCountry "FIN"]
[BlackTeamCountry "FIN"]

1. e4 c6 2. d4 d5 3. Nc3 dxe4 4. Nxe4 Nd7 5. Ng5 Ngf6 6. Bd3 e6 7. N1f3 Bd6 8. Qe2 h6 9. Ne4 Nxe4 10. Qxe4 Nf6 11. Qe2 Qc7 12. Bd2 b6 13. 0-0-0 Bb7 14. Ne5 0-0-0 15. f4 Rhe8 16. Rhf1 c5 17. dxc5 Bxc5 18. Ba6 Nd5 19. a3 f6 1/2-1/2

[Event "FIN-chT 0910"]
[Site "Finland"]
[Date "2009.09.20"]
[Round "2.6"]
[White "Penttinen, Jarkko"]
[Black "Linnanen, Lassi"]
[Result "1-0"]
[WhiteElo "2291"]
[BlackElo "2184"]
[PlyCount "47"]
[EventDate "2009.09.19"]
[EventType "team-tourn"]
[EventRounds "9"]
[EventCountry "FIN"]
[SourceTitle "EXT 2022"]
[Source "ChessBase"]
[SourceDate "2021.10.06"]
[SourceVersion "1"]
[SourceVersionDate "2021.10.06"]
[SourceQuality "1"]
[WhiteTeam "Tampere Tammer"]
[BlackTeam "Helsinki Aatos"]
[WhiteTeamCountry "FIN"]
[BlackTeamCountry "FIN"]

1. e4 c6 2. d4 g6 3. Nc3 Bg7 4. f4 d5 5. e5 h5 6. Be3 Nh6 7. Nf3 Bg4 8. Be2 Nf5 9. Bf2 e6 10. 0-0 Nd7 11. h3 Bxf3 12. Bxf3 h4 13. Ne2 Bf8 14. b3 Be7 15. c4 Qa5 16. a3 b5 17. c5 Qd8 18. Qd3 a5 19. Nc3 Qb8 20. b4 axb4 21. axb4 0-0 22. Bg4 Nh6 23. Bxe6 Qb7 24. Qxg6+ 1-0

[Event "FIN-chT 0809"]
[Site "Finland"]
[Date "2009.02.15"]
[Round "7.6"]
[White "Penttinen, Jarkko"]
[Black "Parkkinen, Jyrki"]
[Result "1/2-1/2"]
[WhiteElo "2322"]
[BlackElo "2242"]
[PlyCount "81"]
[EventDate "2008.09.06"]
[EventType "team-tourn"]
[EventRounds "9"]
[EventCountry "FIN"]
[SourceTitle "EXT 2022"]
[Source "ChessBase"]
[SourceDate "2021.10.06"]
[SourceVersion "1"]
[SourceVersionDate "2021.10.06"]
[SourceQuality "1"]
[WhiteTeam "Tampere Tammer"]
[BlackTeam "Helsinki HSK"]
[WhiteTeamCountry "FIN"]
[BlackTeamCountry "FIN"]

1. e4 d6 2. d4 Nf6 3. Nc3 Nbd7 4. Nf3 e5 5. Be2 Be7 6. 0-0 0-0 7. Re1 c6 8. h3 Qc7 9. a4 b6 10. Be3 Bb7 11. Bf1 a6 12. dxe5 dxe5 13. Nd2 b5 14. Ne2 Bc5 15. Ng3 Bxe3 16. Rxe3 g6 17. Nb3 Rfd8 18. Qf3 Kg7 19. Ree1 Qb6 20. c4 bxc4 21. Bxc4 c5 22. Qc3 Rac8 23. Ra3 Qc7 24. Na5 Nb6 25. Nxb7 Qxb7 26. Rb3 Qc7 27. Bxa6 Nxa4 28. Qe3 Ra8 29. Bf1 h6 30. Rb5 Ra5 31. Rc1 Rd4 32. Qa3 Rxb5 33. Bxb5 Qa5 34. Bxa4 Rxa4 35. Qxc5 Qxc5 36. Rxc5 Nxe4 37. Rxe5 Ra1+ 38. Kh2 Nxf2 39. Re2 Nd3 40. Rd2 Ne5 41. Re2 1/2-1/2

[Event "EU-Cup 24th"]
[Site "Kallithea"]
[Date "2008.10.22"]
[Round "6"]
[White "Frindt, Kornel"]
[Black "Penttinen, Jarkko"]
[Result "1-0"]
[WhiteElo "2151"]
[BlackElo "2322"]
[PlyCount "77"]
[EventDate "2008.10.17"]
[EventType "team-swiss"]
[EventRounds "7"]
[EventCountry "GRE"]
[SourceTitle "CBM 127"]
[Source "ChessBase"]
[SourceDate "2008.11.13"]
[SourceVersion "1"]
[SourceVersionDate "2008.11.13"]
[SourceQuality "1"]
[WhiteTeam "Kosice"]
[BlackTeam "Tampere"]
[WhiteTeamCountry "SVK"]
[BlackTeamCountry "FIN"]

1. e4 c5 2. Nf3 e6 3. d4 cxd4 4. Nxd4 a6 5. Be2 Nf6 6. Bf3 Qc7 7. 0-0 Be7 8. Re1 d6 9. Nc3 Nbd7 10. g3 0-0 11. a4 Rb8 12. a5 Ne5 13. Bg2 Nc4 14. Nb3 Rd8 15. Qd4 Nd7 16. Ra4 b5 17. axb6 Ncxb6 18. Ra2 Bf6 19. Qe3 Nc4 20. Qd3 a5 21. g4 Nde5 22. Qg3 Nc6 23. g5 Be7 24. Ra1 Nb4 25. Nd4 Qc5 26. Rd1 e5 27. Nf5 Bxf5 28. exf5 Nxc2 29. f6 Bf8 30. fxg7 Bxg7 31. Ne4 Nd4 32. Nf6+ Kh8 33. Qh4 Bxf6 34. Be4 Kg8 35. gxf6 Kf8 36. Qxh7 Ke8 37. Rxd4 exd4 38. Bf5 d5 39. Bh6 1-0